Clubs de Supporters - Ligue 1 - Statistiques

Statistiques générales
  • Ce quiz a été pris 70 fois
  • Le résultat moyen est 7 sur 55
Statistiques - réponses
Equipe Nom du club % Correct
Olympique de Marseille South Winners
46%
AS Saint-Étienne Green Angels
43%
PSG Collectif Ultras Paris
40%
AS Saint-Étienne Magic Fans
40%
FC Nantes Brigade Loire
33%
Olympique Lyonnais Lyon 1950
30%
Olympique de Marseille Fanatics
29%
Olympique de Marseille Commando Ultra 84
25%
LOSC Lille Dogues Virage Est
25%
Olympique de Marseille Marseille Trop Puissant
25%
Olympique de Marseille Dodger's
22%
Angers SCO Kop De La Butte
21%
RC Lens Red Tigers 94
21%
Olympique de Marseille Club des Amis de l'OM
17%
LOSC Lille Go Rijsel Spirit
17%
Toulouse FC Indians Tolosa 93
17%
Stade Rennais FC Roazhon Celtic Kop
17%
Le Havre AC Barbarians
16%
Montpellier HSC Butte Paillade 91
16%
Stade Brestois 29 Celtic Ultras
11%
Le Havre AC Kop Ciel et Marine
11%
Olympique Lyonnais Kop Virage Nord
11%
RC Strasbourg Alsace Ultra Boys 90
11%
AJ Auxerre Ultras Auxerre
11%
Stade Brestois 29 Ultras Brestois
11%
AS Monaco FC Ultras Monaco '94
11%
Stade de Reims Ultrem
10%
Stade Rennais FC Allez Rennes
8%
Olympique Lyonnais Hex@gones
8%
RC Strasbourg Alsace Kop Ciel et Blanc
8%
PSG Block Parisii
6%
FC Nantes Activ Nantes
5%
LOSC Lille Dogues d'Honneur
5%
RC Lens Kop Sang et Or 93
5%
Stade Rennais FC Les Socios
5%
RC Lens North Devils
5%
OGC Nice Ultras Populaire Sud
5%
RC Lens Cap'tain Siko Galiboys
3%
Olympique de Marseille Handi Fan Club OM
3%
Olympique Lyonnais Les Canuts de l'OL
3%
Angers SCO Allez SCO
2%
Angers SCO Brigade Ouest 49
2%
Olympique Lyonnais Générations OL
2%
Olympique Lyonnais O'Elle club
2%
Olympique Lyonnais Amicale des Rouge & Bleu
0%
Olympique Lyonnais Brigade Lyon
0%
Montpellier HSC Club Central des Supporters
0%
RC Strasbourg Alsace Club Central des Supporters
0%
OGC Nice Club Des Supporters
0%
Olympique Lyonnais Dauphigones
0%
LOSC Lille Doggies
0%
RC Strasbourg Alsace Fédération des Supporters du RCS
0%
Olympique Lyonnais GastroGones 69
0%
Olympique Lyonnais Handi Sup OL
0%
Le Havre AC Kop Océane 1872
0%
Aucun quiz correspondant
Distribution des résultats
% des personnes avec chaque résultat
Percentile par nombre de réponses
Votre historique - résultats
Vous n’avez pas pris ce quiz